[Event "Commonwealth-ch"]
[Site "Waskaduwa"]
[Date "2022.11.20"]
[Round "7"]
[White "Thipsay, Bagyashree Sathe"]
[Black "Soham, Kamotra"]
[Result "1-0"]
[WhiteElo "2072"]
[BlackElo "2367"]
[PlyCount "41"]
[EventDate "2022.11.14"]
[EventType "swiss"]
[EventRounds "9"]
[EventCountry "SRI"]
[SourceTitle "CBM 211 Extra"]
[Source "ChessBase"]
[SourceDate "2023.01.31"]
[SourceVersion "1"]
[SourceVersionDate "2023.01.31"]
[SourceQuality "1"]

1. e4 c6 2. d4 d5 3. e5 c5 4. dxc5 e6 5. Nf3 Bxc5 6. a3 Nd7 7. Bd3 f6 8. b4 Be7 9. Bb2 Nh6 10. 0-0 0-0 11. c4 Nf7 12. cxd5 Ndxe5 13. Nxe5 fxe5 14. Nc3 exd5 15. Nxd5 Be6 16. Qh5 Ng5 17. Bxh7+ Nxh7 18. Qxe5 Kf7 19. Nc7 Qxc7 20. Qxc7 Ng5 21. f4 1-0

[Event "Titled Tuesday intern op 10th Aug"]
[Site "Chess.com INT"]
[Date "2021.08.10"]
[Round "1"]
[White "Seul, Georg"]
[Black "Thipsay, Bagyashree Sathe"]
[Result "1-0"]
[WhiteElo "2372"]
[BlackElo "2072"]
[PlyCount "79"]
[EventDate "2021.08.10"]
[EventType "swiss (blitz)"]
[EventRounds "11"]
[EventCountry "USA"]
[SourceTitle "CBM 203 Extra"]
[Source "ChessBase"]
[SourceDate "2021.09.30"]
[SourceVersion "1"]
[SourceVersionDate "2021.09.30"]
[SourceQuality "1"]

1. e4 c6 2. d4 d5 3. exd5 cxd5 4. Bd3 Nc6 5. c3 Nf6 6. Bf4 Bg4 7. Qb3 Qd7 8. Nd2 e6 9. Ngf3 Bd6 10. Bxd6 Qxd6 11. 0-0 0-0 12. Rfe1 Rab8 13. Ne5 Bh5 14. a4 Bg6 15. Bxg6 hxg6 16. Qd1 Nd7 17. Nxd7 Qxd7 18. Qg4 Ne7 19. Nf3 Nf5 20. Ng5 b5 21. Qh3 Nh6 22. axb5 Rxb5 23. b4 Rb6 24. Ra3 Rc8 25. Rea1 Rc7 26. Qf3 Nf5 27. g4 Nd6 28. Qh3 Kf8 29. Qh8+ Ke7 30. Qxg7 Nb5 31. Qxf7+ Kd6 32. Qf4+ Kc6 33. Ra6 Kb7 34. Rxb6+ axb6 35. Nf7 Nxc3 36. Kg2 Ne4 37. Ne5 Qh7 38. Qf8 Rc8 39. Ra7+ Kxa7 40. Qxc8 1-0

[Event "Titled Tuesday intern op 20th July"]
[Site "Chess.com INT"]
[Date "2021.07.20"]
[Round "2"]
[White "Daianu, Cristian Clement"]
[Black "Thipsay, Bagyashree Sathe"]
[Result "1-0"]
[WhiteElo "2205"]
[BlackElo "2072"]
[PlyCount "53"]
[EventDate "2021.07.20"]
[EventType "swiss (blitz)"]
[EventRounds "11"]
[EventCountry "USA"]
[SourceTitle "CBM 203 Extra"]
[Source "ChessBase"]
[SourceDate "2021.09.30"]
[SourceVersion "1"]
[SourceVersionDate "2021.09.30"]
[SourceQuality "1"]

1. e4 c6 2. d4 d5 3. f3 e6 4. Nc3 Bb4 5. Bd3 dxe4 6. fxe4 Qxd4 7. Nf3 Qb6 8. Qe2 Nd7 9. Be3 Bc5 10. Bd2 Ne7 11. Na4 Qc7 12. Nxc5 Nxc5 13. Bc3 Nxd3+ 14. cxd3 0-0 15. 0-0 f6 16. Nh4 e5 17. Qh5 Be6 18. Rf3 a5 19. Rg3 Bf7 20. Qh6 Ng6 21. Qh5 b5 22. Nf5 Rad8 23. Rf1 Bxa2 24. Rh3 Kf7 25. Qxh7 Rg8 26. Nh6+ Ke7 27. Nxg8+ 1-0

[Event "Speed Chess (Women) Q1"]
[Site "Chess.com INT"]
[Date "2021.05.28"]
[Round "2"]
[White "Bodnaruk, Anastasia"]
[Black "Thipsay, Bagyashree Sathe"]
[Result "1-0"]
[WhiteElo "2457"]
[BlackElo "2072"]
[PlyCount "84"]
[EventDate "2021.05.28"]
[EventType "swiss (blitz)"]
[EventRounds "9"]
[EventCountry "USA"]
[SourceTitle "CBM 202 Extra"]
[Source "ChessBase"]
[SourceDate "2021.07.31"]
[SourceVersion "1"]
[SourceVersionDate "2021.07.31"]
[SourceQuality "1"]

1. e4 c6 2. Nf3 d5 3. exd5 cxd5 4. Ne5 Nc6 5. d4 Nf6 6. Bb5 Bd7 7. Bxc6 Bxc6 8. 0-0 e6 9. c3 Be7 10. Nd2 0-0 11. Re1 Rc8 12. Ndf3 Ne4 13. Nxc6 bxc6 14. Ne5 f6 15. Nd3 e5 16. f3 Nd6 17. dxe5 Nc4 18. e6 Qb6+ 19. Kh1 Rfe8 20. b3 Nd6 21. Be3 Qc7 22. Bf4 Qa5 23. Qd2 Nf5 24. a4 c5 25. Nf2 c4 26. b4 Qb6 27. a5 Qc6 28. Be3 a6 29. Rad1 Nxe3 30. Rxe3 Rcd8 31. Qd4 Bf8 32. Rde1 Re7 33. Nh3 Rd6 34. Nf4 Qb7 35. h4 Rd8 36. h5 g5 37. hxg6 hxg6 38. Nxg6 Rh7+ 39. Kg1 Be7 40. f4 Qc7 41. Rg3 Rg7 42. Ree3 f5 1-0

[Event "Titled Tuesday intern op 18th May"]
[Site "Chess.com INT"]
[Date "2021.05.18"]
[Round "2"]
[White "Koellner, Ruben Gideon"]
[Black "Thipsay, Bagyashree Sathe"]
[Result "1-0"]
[WhiteElo "2412"]
[BlackElo "2072"]
[PlyCount "61"]
[EventDate "2021.05.18"]
[EventType "swiss (blitz)"]
[EventRounds "11"]
[EventCountry "USA"]
[SourceTitle "CBM 202 Extra"]
[Source "ChessBase"]
[SourceDate "2021.07.31"]
[SourceVersion "1"]
[SourceVersionDate "2021.07.31"]
[SourceQuality "1"]

1. d4 d5 2. Bf4 Nf6 3. e3 c5 4. c3 Nc6 5. Nf3 Qb6 6. Qb3 c4 7. Qc2 Bf5 8. Qc1 e6 9. Nbd2 h6 10. Ne5 Nh5 11. Be2 Nxf4 12. exf4 Bd6 13. 0-0 Qc7 14. g3 0-0 15. Bd1 b5 16. Bc2 a5 17. Bxf5 exf5 18. Qc2 g6 19. Rfe1 Rfe8 20. Ndf3 Kg7 21. Re2 Re6 22. Rae1 Rae8 23. h3 b4 24. h4 Bxe5 25. Nxe5 Nxe5 26. fxe5 Qe7 27. Qa4 f4 28. Kg2 g5 29. Rh1 g4 30. gxf4 h5 31. f5 1-0

[Event "Titled Tuesday intern op 18th May"]
[Site "Chess.com INT"]
[Date "2021.05.18"]
[Round "9"]
[White "Thipsay, Bagyashree Sathe"]
[Black "Hamley, Ryan"]
[Result "0-1"]
[WhiteElo "2072"]
[BlackElo "2039"]
[PlyCount "54"]
[EventDate "2021.05.18"]
[EventType "swiss (blitz)"]
[EventRounds "11"]
[EventCountry "USA"]
[SourceTitle "CBM 202 Extra"]
[Source "ChessBase"]
[SourceDate "2021.07.31"]
[SourceVersion "1"]
[SourceVersionDate "2021.07.31"]
[SourceQuality "1"]

1. e4 e5 2. Nf3 Nc6 3. Bb5 Nf6 4. d3 Bc5 5. Nc3 d6 6. h3 0-0 7. Bg5 Be6 8. Qd2 Nd4 9. Bc4 c6 10. Bb3 a5 11. Ne2 a4 12. Nfxd4 exd4 13. Bxe6 fxe6 14. 0-0 h6 15. Bh4 Nxe4 16. dxe4 Qxh4 17. Nxd4 Qxe4 18. Rad1 e5 19. Ne2 Rf6 20. Ng3 Qg6 21. Kh2 Raf8 22. f3 d5 23. c4 e4 24. f4 e3 25. Qe2 Rxf4 26. cxd5 Rxf1 27. Nxf1 Rf2 0-1

[Event "Titled Tuesday intern op 27th Apr"]
[Site "Chess.com INT"]
[Date "2021.04.27"]
[Round "4"]
[White "Thipsay, Bagyashree Sathe"]
[Black "Petrova, Irina"]
[Result "0-1"]
[WhiteElo "2072"]
[BlackElo "2120"]
[PlyCount "88"]
[EventDate "2021.04.27"]
[EventType "swiss (blitz)"]
[EventRounds "11"]
[EventCountry "USA"]
[SourceTitle "CBM 202 Extra"]
[Source "ChessBase"]
[SourceDate "2021.07.31"]
[SourceVersion "1"]
[SourceVersionDate "2021.07.31"]
[SourceQuality "1"]

1. e4 d6 2. d4 Nf6 3. Nc3 e5 4. Nf3 Nbd7 5. Bc4 Be7 6. 0-0 0-0 7. Re1 c6 8. a4 h6 9. h3 Re8 10. Ba2 Bf8 11. Nh4 d5 12. exd5 Nxd5 13. Nxd5 cxd5 14. Nf5 Nf6 15. Ne3 e4 16. c3 Be6 17. f3 Qc7 18. fxe4 dxe4 19. Bxe6 Rxe6 20. Qe2 Rae8 21. Rf1 Qg3 22. Nf5 Qg6 23. Be3 Nd5 24. Kh1 Rf6 25. g4 h5 26. Nh4 Qh7 27. g5 Rxf1+ 28. Rxf1 Bd6 29. Qf2 Rf8 30. Nf5 Qg6 31. h4 Bb8 32. c4 Nxe3 33. Qxe3 Qb6 34. b3 Qc7 35. Rf2 g6 36. Ng3 a6 37. Kg2 Ba7 38. Rf6 Qe7 39. Qf4 e3 40. Ne2 Rd8 41. d5 Qe8 42. Kf3 Qe7 43. Qxe3 Qxe3+ 44. Kg2 Qxe2+ 0-1

[Event "Titled Tuesday intern op 30th Mar"]
[Site "Chess.com INT"]
[Date "2021.03.30"]
[Round "8"]
[White "Tarasova, Viktoriya"]
[Black "Thipsay, Bagyashree Sathe"]
[Result "1-0"]
[WhiteElo "2226"]
[BlackElo "2072"]
[PlyCount "125"]
[EventDate "2021.03.30"]
[EventType "swiss (blitz)"]
[EventRounds "11"]
[EventCountry "USA"]
[SourceTitle "CBM 201 Extra"]
[Source "ChessBase"]
[SourceDate "2021.05.31"]
[SourceVersion "1"]
[SourceVersionDate "2021.05.31"]
[SourceQuality "1"]

1. d4 f5 2. c4 Nf6 3. g3 e6 4. Bg2 d5 5. Nf3 c6 6. 0-0 Bd6 7. Qc2 0-0 8. b3 Qe7 9. Bb2 b6 10. Ne5 Bb7 11. Nd2 Nbd7 12. Ndf3 Ne4 13. Rac1 c5 14. e3 Ndf6 15. Rfd1 Rac8 16. Qe2 Ng4 17. Rf1 Nxe5 18. dxe5 Bb8 19. Ne1 dxc4 20. bxc4 Rcd8 21. Nd3 Ng5 22. f3 Nf7 23. Rfd1 g5 24. f4 g4 25. Nf2 h5 26. Rxd8 Rxd8 27. Rd1 Bxg2 28. Kxg2 h4 29. gxh4 Qxh4 30. Rxd8+ Qxd8 31. Nh1 Qd7 32. Ng3 Nd8 33. Nh5 Qf7 34. Nf6+ Kg7 35. Qd2 Bc7 36. Kg1 Qe7 37. Qg2 Nf7 38. h3 Nh6 39. hxg4 fxg4 40. Nxg4 Qh4 41. Nf6+ Kf7 42. Bc3 Bd8 43. Ne4 Qg4 44. Nd6+ Ke7 45. Nc8+ Kd7 46. Qxg4 Nxg4 47. Nxa7 Nxe3 48. Kf2 Nxc4 49. Kf3 Bc7 50. Ke4 Na5 51. Nb5 Nc6 52. Nxc7 Kxc7 53. f5 exf5+ 54. Kxf5 b5 55. e6 Kd6 56. Be1 b4 57. Bg3+ Ke7 58. Bh4+ Ke8 59. Ke4 c4 60. Kd5 Na5 61. Be1 b3 62. axb3 cxb3 63. Bc3 1-0

[Event "Titled Tuesday intern op 15th Sept"]
[Site "Chess.com INT"]
[Date "2020.09.15"]
[Round "3"]
[White "Nastore, Pavel Alexandru"]
[Black "Thipsay, Bagyashree Sathe"]
[Result "1-0"]
[WhiteElo "2234"]
[BlackElo "2072"]
[PlyCount "93"]
[EventDate "2020.09.15"]
[EventType "swiss (blitz)"]
[EventRounds "10"]
[EventCountry "USA"]
[SourceTitle "CBM 198 Extra"]
[Source "ChessBase"]
[SourceDate "2020.11.30"]
[SourceVersion "1"]
[SourceVersionDate "2020.11.30"]
[SourceQuality "1"]

1. e4 c6 2. d4 d5 3. e5 Bf5 4. Nf3 e6 5. Be2 Nd7 6. 0-0 Bg6 7. Nbd2 Nh6 8. Re1 Nf5 9. a3 Be7 10. Nf1 0-0 11. c3 Rc8 12. b4 Kh8 13. Ne3 f6 14. Nxf5 Bxf5 15. Bf4 Be4 16. exf6 gxf6 17. Bg3 Rg8 18. Bd3 Bxd3 19. Qxd3 Nf8 20. Re2 Bd6 21. Rae1 Rc7 22. Nd2 Rcg7 23. Nb3 b6 24. Nd2 f5 25. f4 Rg4 26. Rf1 h5 27. Qe3 h4 28. Be1 Qf6 29. g3 Qh6 30. Rg2 Kh7 31. Kf2 hxg3+ 32. hxg3 Kg6 33. Nf3 Kf7 34. Ne5+ Bxe5 35. Qxe5 Qh3 36. Rfg1 Ng6 37. Qc7+ Kf6 38. Bd2 Rg7 39. Qd6 Kf7 40. Qxc6 Nh4 41. Qd7+ Kg8 42. Qd8+ Kh7 43. Qxh4+ Rxh4 44. gxh4 Rxg2+ 45. Rxg2 Qd3 46. Be3 Qd1 47. Rg5 1-0

[Event "Titled Tuesday intern op 08th Sept"]
[Site "Chess.com INT"]
[Date "2020.09.08"]
[Round "5"]
[White "Gevorgyan, Maria"]
[Black "Thipsay, Bagyashree Sathe"]
[Result "1-0"]
[WhiteElo "2228"]
[BlackElo "2072"]
[PlyCount "55"]
[EventDate "2020.09.08"]
[EventType "swiss (blitz)"]
[EventRounds "10"]
[EventCountry "USA"]
[SourceTitle "CBM 198 Extra"]
[Source "ChessBase"]
[SourceDate "2020.11.30"]
[SourceVersion "1"]
[SourceVersionDate "2020.11.30"]
[SourceQuality "1"]

1. e4 c6 2. d4 d5 3. e5 Bf5 4. h4 h5 5. c4 e6 6. Nc3 Nd7 7. Nge2 dxc4 8. Ng3 Bd3 9. Bxd3 cxd3 10. Qxd3 Nxe5 11. Qe4 Ng6 12. Bg5 Be7 13. Bxe7 Qxe7 14. 0-0-0 0-0-0 15. Kb1 Nf6 16. Qc2 Nd5 17. Nge4 Nxh4 18. Na4 Nf5 19. Nac5 Nb6 20. Qc3 Rd5 21. Nb3 h4 22. Rd2 Rhd8 23. Rc1 Nd6 24. Nec5 Kb8 25. Qb4 Ndc8 26. Na5 Rxc5 27. Rxc5 Nd6 28. Rxc6 1-0

[Event "Titled Tuesday intern op 7th July"]
[Site "Chess.com INT"]
[Date "2020.07.07"]
[Round "4"]
[White "Saravana, Krishnan P"]
[Black "Thipsay, Bagyashree Sathe"]
[Result "1-0"]
[WhiteElo "2312"]
[BlackElo "2072"]
[PlyCount "47"]
[EventDate "2020.07.07"]
[EventType "swiss (blitz)"]
[EventRounds "10"]
[EventCountry "USA"]
[SourceTitle "CBM 197 Extra"]
[Source "ChessBase"]
[SourceDate "2020.09.30"]
[SourceVersion "1"]
[SourceVersionDate "2020.09.30"]
[SourceQuality "1"]

1. d4 d5 2. c4 e6 3. Nc3 Be7 4. Nf3 Nf6 5. Bg5 0-0 6. e3 h6 7. Bxf6 Bxf6 8. cxd5 exd5 9. Bd3 Re8 10. 0-0 c6 11. Rc1 Be7 12. Ne5 Bd6 13. f4 Nd7 14. Qh5 Qe7 15. Rce1 Nf6 16. Qf3 Nd7 17. Kh1 Nf8 18. e4 f6 19. exd5 fxe5 20. fxe5 Bb4 21. d6 Qe6 22. d5 cxd5 23. Nxd5 Nd7 24. Nxb4 1-0

[Event "Titled Tuesday intern op 30th June"]
[Site "Chess.com INT"]
[Date "2020.06.30"]
[Round "5"]
[White "Thipsay, Bagyashree Sathe"]
[Black "Perez Rodriguez, Luis Manuel"]
[Result "0-1"]
[WhiteElo "2072"]
[BlackElo "2324"]
[PlyCount "80"]
[EventDate "2020.06.30"]
[EventType "swiss (blitz)"]
[EventRounds "10"]
[EventCountry "USA"]
[SourceTitle "CBM 197 Extra"]
[Source "ChessBase"]
[SourceDate "2020.09.30"]
[SourceVersion "1"]
[SourceVersionDate "2020.09.30"]
[SourceQuality "1"]

1. e4 e5 2. Nf3 Nc6 3. Bc4 Nf6 4. d3 Be7 5. 0-0 0-0 6. Re1 d6 7. a4 Kh8 8. a5 a6 9. h3 Ng8 10. Nc3 f5 11. Nd5 fxe4 12. dxe4 Nf6 13. Ng5 Nxd5 14. Nxh7 Rf4 15. Bxd5 Rh4 16. Re3 Rxh7 17. Rg3 Bh4 18. Rf3 Nd4 19. Rf7 c6 20. Ba2 g6 21. Rxh7+ Kxh7 22. c3 Ne6 23. g3 Bf6 24. Be3 Bg5 25. Bb6 Qf8 26. Kg2 Bd7 27. h4 Be7 28. h5 g5 29. Qe2 Qf6 30. Rh1 Rf8 31. f3 Bd8 32. Bxd8 Rxd8 33. Rd1 Be8 34. Bxe6 Qxe6 35. Qe3 Qf6 36. g4 Bf7 37. Qb6 Rd7 38. Qb4 d5 39. Qc5 Qf4 40. exd5 Bxd5 0-1

[Event "Speed Chess (Women) Q4"]
[Site "Chess.com INT"]
[Date "2020.06.21"]
[Round "8"]
[White "Ouellet, Maili Jade"]
[Black "Thipsay, Bagyashree Sathe"]
[Result "1-0"]
[WhiteElo "2257"]
[BlackElo "2072"]
[PlyCount "75"]
[EventDate "2020.06.21"]
[EventType "swiss (blitz)"]
[EventRounds "9"]
[EventCountry "USA"]
[SourceTitle "CBM 196 Extra"]
[Source "ChessBase"]
[SourceDate "2020.07.31"]
[SourceVersion "1"]
[SourceVersionDate "2020.07.31"]
[SourceQuality "1"]

1. d4 e6 2. c4 f5 3. Nf3 Nf6 4. Nc3 Bb4 5. Qb3 a5 6. a3 Be7 7. g3 0-0 8. Bg2 Kh8 9. 0-0 Nc6 10. d5 a4 11. Nxa4 Na5 12. Qa2 Ne4 13. Bd2 Bf6 14. Rac1 Qe8 15. Rfe1 d6 16. Nc3 b6 17. b4 Nb7 18. Nxe4 fxe4 19. Ng5 Bxg5 20. Bxg5 Qg6 21. Be3 e5 22. c5 bxc5 23. bxc5 Bf5 24. c6 Nd8 25. Rb1 Qh5 26. Rb3 Nf7 27. Qc2 Qg6 28. Rb7 Rxa3 29. Rxc7 Ng5 30. Qb2 Raa8 31. Bxg5 Qxg5 32. e3 Qg6 33. Rb7 Bg4 34. c7 Rac8 35. Rc1 Bf3 36. Rb8 Qf7 37. Bh3 Rxc7 38. Rxc7 1-0

[Event "Speed Chess (Women) Q2"]
[Site "Chess.com INT"]
[Date "2020.06.19"]
[Round "9"]
[White "Thipsay, Bagyashree Sathe"]
[Black "Berdychevskaya, Natasha"]
[Result "1-0"]
[WhiteElo "2072"]
[BlackElo "2208"]
[PlyCount "53"]
[EventDate "2020.06.19"]
[EventType "swiss (blitz)"]
[EventRounds "13"]
[EventCountry "USA"]
[SourceTitle "CBM 196 Extra"]
[Source "ChessBase"]
[SourceDate "2020.07.31"]
[SourceVersion "1"]
[SourceVersionDate "2020.07.31"]
[SourceQuality "1"]

1. e4 e5 2. Nf3 Nf6 3. d4 Nxe4 4. Bd3 Nc6 5. dxe5 Nc5 6. 0-0 Be7 7. Be2 0-0 8. Be3 Ne6 9. Nc3 d6 10. exd6 Bxd6 11. Ne4 Bf4 12. Qc1 Ncd4 13. Nxd4 Nxd4 14. Bd3 Be5 15. Rd1 c5 16. c3 Qh4 17. g3 Nf3+ 18. Kg2 Qxh2+ 19. Kxf3 f5 20. Ke2 fxe4 21. Bxe4 Bg4+ 22. Kd2 Bxd1 23. Qxd1 Rad8+ 24. Bd3 c4 25. Qg4 Rxd3+ 26. Kc2 Bxg3 27. Qxc4+ 1-0